000 01281nam a2200313 i 4500
001 15476
003 ES-MaACL
005 20250912063034.0
007 t|
008 000322s1994 sp |||| | spa d
020 _a84-86864-14-3
080 _a946.012"1934"
080 _a327.32(460.12)"1934"
100 1 _aSolano Palacio, Fernando.
_9107089
245 1 3 _aLa Revolución de Octubre
_b: quince días de comunismo libertario /
_cFernando Solano Palacio ; corolario, Federica Montseny ; edición, estudio preliminar y notas, Emilio J. García Wiedemann y Juan Antonio Moya Corral.
260 _aMadrid :
_bFundación de Estudios Libertarios Anselmo Lorenzo,
_c[1994]
300 _a198 p. ;
_c20 cm.
490 1 _aTestimonios (Fundación Anselmo Lorenzo) ;
_v2
650 7 _aMovimiento obrero-
_zAsturias (Comunidad Autónoma)
_9158228
651 _aEspaña-
_xHistoria-
_y1934, Revolución de octubre.
_9149447
700 1 _aMontseny, Federica,
_d1905-1994
_9240807
700 1 _aGarcía Wiedemann, Emilio J.
_955423
700 1 _aMoya Corral, Juan Antonio.
_983967
710 2 _aFundación Anselmo Lorenzo.
_94216
830 1 _aTestimonios (Fundación Anselmo Lorenzo) ;
_v2
_9242246
852 _aES-MaACL
_jG-2111
942 _2udc
999 _c15476
_d15476